000 00613nam a2200229Ia 4500
005 20241129115826.0
008 241129s9999||||xx |||||||||||||| ||und||
020 _a9783030329440
037 _aTB
040 _aSDCL
_beng
_cSDCL
041 _aeng
_2eng
084 _aB3166, R0
_qSDCL
100 _aVoigt Jurgen
_9728430
245 0 _aCourse on topological vector spaces
260 _aCham
_bBirkhauser
_c2020
300 _aviii,155p.
365 _aEUR
_b37.99
490 _aCompact textbooks in mathematics
650 _aMathematics
942 _cTB
_hB3166, R0
999 _c1232179
_d1232179